Music Quiz

Random Music or Album Quiz

Manic Street Preachers singles Quiz Stats

 Plays Quiz not verified by Sporcle

Score 0/41 Timer 10:00
0 Plays Today
Album % Correct
Everything Must GoA Design For Life
92%
Generation TerroristsYou Love Us
91.8%
Generation TerroristsMotorcycle Emptiness
91.8%
Everything Must GoEverything Must Go
91%
This Is My Truth Tell Me YoursIf You Tolerate This Your Children Will Be Next
91%
The Holy BibleFasterP.C.P.
89.6%
Everything Must GoAustralia
88.6%
Everything Must GoKevin Carter
86.4%
This Is My Truth Tell Me YoursTsunami
82.1%
Gold Against The SoulRoses In The Hospital
80.4%
This Is My Truth Tell Me YoursThe Everlasting
79.9%
This Is My Truth Tell Me YoursYou Stole The Sun From My Heart
78.9%
Motown Junk
78.7%
The Holy BibleRevol
78.2%
Theme From M*A*S*H (Suicide Is Painless)
78%
The Masses Against The Classes
77.7%
Send Away The TigersYour Love Alone Is Not Enough
77.7%
LifebloodThe Love Of Richard Nixon
75.5%
Generation TerroristsLittle Baby Nothing
75.3%
Know Your EnemyOcean Spray
72.6%
Generation TerroristsSlash 'N' Burn
71.7%
Album % Correct
Gold Against The SoulLa Tristesse Durera (Scream To A Sigh)
71.2%
The Holy BibleShe Is Suffering
70.7%
Gold Against The SoulFrom Despair to Where
70%
Know Your EnemySo Why So Sad
69.2%
Send Away The TigersAutumnsong
68.5%
Know Your EnemyFound That Soul
67.8%
Know Your EnemyLet Robeson Sing
67.1%
Generation TerroristsStay Beautiful
66.6%
Generation TerroristsLove's Sweet ExileRepeat
66.6%
Postcards From A Young Man(It's Not War) Just The End Of Love
63.7%
Suicide Alley
57.4%
Send Away The TigersIndian Summer
56.9%
Forever DelayedThere By The Grace Of God
56.4%
LifebloodEmpty Souls
55.4%
Postcards From A Young ManSome Kind Of Nothingness
52.8%
Send Away The Tigers (download only)Underdogs
49.9%
download onlyThe Ghost Of Christmas
25.9%
You Love Us (Heavenly version)
23.7%
Feminine Is Beautiful
21.5%
UK Channel Boredom
17.4%

You're not logged in!

Compare scores with friends on all Sporcle quizzes.
OR
Log In

Show Comments

Extras

Top Quizzes Today


Score Distribution

Your Account Isn't Verified!

In order to create a playlist on Sporcle, you need to verify the email address you used during registration. Go to your Sporcle Settings to finish the process.

Report this User

Report this user for behavior that violates our Community Guidelines.

Details: